The palace of good fortune and good luck vases / (Record no. 3754)

MARC details
000 -LEADER
fixed length control field 00515nam a2200181 4500
001 - CONTROL NUMBER
control field 4531
005 - DATE AND TIME OF LATEST TRANSACTION
control field 20240117135404.0
008 - FIXED-LENGTH DATA ELEMENTS--GENERAL INFORMATION
fixed length control field 240117b |||||||| |||| 00| 0 eng d
020 00 - INTERNATIONAL STANDARD BOOK NUMBER
International Standard Book Number 9789993682714
090 00 - LOCALLY ASSIGNED LC-TYPE CALL NUMBER (OCLC); LOCAL CALL NUMBER (RLIN)
Classification number (OCLC) (R) ; Classification number, CALL (RLIN) (NR) 241.317
100 00 - MAIN ENTRY--PERSONAL NAME
Personal name Dorji, Jambay,
245 00 - TITLE STATEMENT
Title The palace of good fortune and good luck vases /
Statement of responsibility, etc. Jambay Dorji.
260 00 - PUBLICATION, DISTRIBUTION, ETC.
Place of publication, distribution, etc. Thimphu :
Name of publisher, distributor, etc. Kuensel Corporation,
Date of publication, distribution, etc. 2014.
300 00 - PHYSICAL DESCRIPTION
Extent 128 p. ; 25 cm.
650 ## - SUBJECT ADDED ENTRY--TOPICAL TERM
Topical term or geographic name entry element Buddhist art and symbolism.
Topical term or geographic name entry element Buddhist antiquities.
942 ## - ADDED ENTRY ELEMENTS (KOHA)
Source of classification or shelving scheme Dewey Decimal Classification
Koha item type Main
Holdings
Withdrawn status Lost status Source of classification or shelving scheme Damaged status Not for loan Collection code Home library Current library Shelving location Date acquired Serial Enumeration / chronology Inventory number Full call number Barcode Date last seen Price effective from Koha item type
    Dewey Decimal Classification     Main TEST RTC Library RTC Library Main opac 17/01/2024 7236 241.31 DOR 30007357 27/11/2018 27/11/2018 Main
Royal Thimphu College || All Right Reserved